MARC details
| 000 -CABECERA |
| campo de control de longitud fija |
00936nam a2200265 u 4500 |
| 005 - FECHA Y HORA DE LA ÚLTIMA TRANSACCIÓN |
| campo de control |
20240924064718.0 |
| 008 - ELEMENTOS DE LONGITUD FIJA--INFORMACIÓN GENERAL |
| campo de control de longitud fija |
161109s2014 es r 000 0 spa d |
| 020 ## - NÚMERO INTERNACIONAL NORMALIZADO PARA LIBROS |
| Número Internacional Estándar del Libro |
9788499215310 |
| 035 ## - NÚMERO DE CONTROL DEL SISTEMA |
| Número de control de sistema |
UPN01000214636 |
| 049 ## - COLECCIÓN |
| Colección |
CG |
| 050 #4 - SIGNATURA TOPOGRÁFICA DE LA BIBLIOTECA DEL CONGRESO |
| Número de clasificación |
LB1725 E5 |
| Número de documento/Ítem |
M3.6 |
| 100 1# - ASIENTO PRINCIPAL--NOMBRE PERSONAL |
| Nombre de persona |
Majoral Clapés, Silvia, |
| Fechas asociadas al nombre |
1960- |
| 9 (RLIN) |
40102 |
| 245 10 - MENCIÓN DE TÍTULO |
| Título |
Siguiendo el hilo de las propuestas de los niños y las niñas / |
| Mención de responsabilidad, etc. |
Silvia Majoral ; tr. Manuel León Urrutia. |
| 260 ## - PUBLICACIÓN, DISTRIBUCIÓN, ETC. |
| Lugar de publicación, distribución, etc. |
Barcelona, Esp. : |
| Nombre del editor, distribuidor, etc. |
Octaedro, |
| Fecha de publicación, distribución, etc. |
2014. |
| 300 ## - DESCRIPCIÓN FÍSICA |
| Extensión |
109 p. |
| Otras características físicas |
il. |
| 440 #0 - MENCIÓN DE SERIE/ASIENTO SECUNDARIO--TÍTULO |
| Título |
Temas de infancia ; |
| Designación de volumen o secuencia |
33. |
| Nombre de parte o sección de la obra |
Educar de 0 a 6 años |
| 534 ## - NOTA SOBRE LA VERSIÓN ORIGINAL |
| Frase introductoria |
Título original: |
| Mención de título del original |
Seguint el fil de les propostes dels infants |
| 650 #4 - ASIENTO SECUNDARIO DE MATERIA - TERMINO TEMATICO |
| Término de materia o nombre geográfico como elemento de entrada |
MAESTROS EN SERVICIO, FORMACION DE - |
| Subdivisión geográfica |
ESPAÑA |
| 9 (RLIN) |
878 |
| 650 #4 - ASIENTO SECUNDARIO DE MATERIA - TERMINO TEMATICO |
| Término de materia o nombre geográfico como elemento de entrada |
Educación |
| Subdivisión general |
Planificación |
| 9 (RLIN) |
1146 |
| 650 #4 - ASIENTO SECUNDARIO DE MATERIA - TERMINO TEMATICO |
| Término de materia o nombre geográfico como elemento de entrada |
Prácticas de la enseñanza |
| 9 (RLIN) |
2849 |
| 650 #4 - ASIENTO SECUNDARIO DE MATERIA - TERMINO TEMATICO |
| Término de materia o nombre geográfico como elemento de entrada |
Educación preescolar |
| 9 (RLIN) |
1517 |
| 905 ## - TIPO DE MATERIAL |
| Tipo de material |
Libro |